00979nam a22002537a 450000500170000001000150001702000230003202000260005503500130008103700180009408200130011224501160012526000450024127000660028630000260035250000270037850000520040565000540045765000690051165000450058065000620062570000190068770000190070620151106121155.0 aENG-113995 c995.00a0199456747 c995.00a9780199456741 aEN-97527 bDBAD/PUBadpl a345.5405 aRegimes of legality :cedited by Daniela Berti and Devika Bordiabethnography of criminal cases in South Asia / aNew DelhibOxford University Pressc2015 aYMCA Library Building, 1, Jai Singh Road, bNew Delhie110001 axviii,333p.c23cm(Hb) a Contributed articles. a Includes bibliographical references and index. aCriminal justice, Administration of zSouth Asia. a Criminal justice, Administration ofzSouth Asia vCase studies. a Ethnological jurisprudencezSouth Asia. a Ethnological jurisprudence zSouth Asia v Case studies. aBerti, Daniela aBordia, Devika